[Event "Titled Tuesday intern op 06th May Early"]
[Site "Chess.com INT"]
[Date "2025.05.06"]
[Round "1"]
[White "Stefanov, Plamen"]
[Black "Garrido Diaz, Jose Antonio"]
[Result "0-1"]
[WhiteElo "1982"]
[BlackElo "2286"]
[PlyCount "134"]
[EventDate "2025.05.06"]
[EventType "swiss (blitz)"]
[EventRounds "11"]
[EventCountry "USA"]
[SourceTitle "CB20_2025"]
[SourceDate "2025.05.14"]
[SourceVersion "1"]
[SourceVersionDate "2025.05.14"]
[SourceQuality "1"]

1. e4 c5 2. Nf3 d6 3. Bb5+ Bd7 4. Bxd7+ Qxd7 5. c4 Nf6 6. Nc3 Nc6 7. d4 cxd4 8. Nxd4 g6 9. Be3 Bg7 10. f3 0-0 11. Rc1 Rfc8 12. b3 a6 13. a4 Qd8 14. 0-0 Qa5 15. g3 Rab8 16. Nd5 Nxd5 17. exd5 Nxd4 18. Bxd4 Bxd4+ 19. Qxd4 b5 20. axb5 axb5 21. c5 dxc5 22. Rxc5 Qa3 23. b4 Rd8 24. f4 Qa2 25. f5 Rb6 26. Qe4 Rbd6 27. Qxe7 R6d7 28. Qh4 Rxd5 29. fxg6 hxg6 30. Rc7 R5d7 31. Rc5 Rd5 32. Rxd5 Qxd5 33. Qf6 Qd4+ 34. Kg2 Qxf6 35. Rxf6 Rd4 36. Rf4 Rd2+ 37. Kh3 Rb2 38. Rd4 Kg7 39. g4 Kf6 40. Rf4+ Ke6 41. g5 Rb3+ 42. Kg4 Rc3 43. Rf6+ Ke7 44. Ra6 Rc4+ 45. Kg3 Rxb4 46. h4 Rb3+ 47. Kg4 Rb4+ 48. Kg3 Rc4 49. Rb6 b4 50. Kh3 Kf8 51. Rb7 Kg7 52. Kg3 Rc3+ 53. Kg4 b3 54. Kf4 Rh3 55. Kg4 Rd3 56. Kf4 Kf8 57. Kg4 Ke8 58. Kf4 Rc3 59. Ke5 Kf8 60. Kf6 Rf3+ 61. Ke5 Kg7 62. Ke4 Rh3 63. Rxb3 Rxb3 64. Ke5 Rb4 65. Kd6 Rxh4 66. Ke7 Rg4 67. Ke8 Rxg5 0-1

[Event "Titled Tuesday intern op 18th Mar Late"]
[Site "Chess.com INT"]
[Date "2025.03.18"]
[Round "3"]
[White "Garrido Diaz, Jose Antonio"]
[Black "Do Carmo, Gabriel Carckeno"]
[Result "1-0"]
[WhiteElo "2290"]
[BlackElo "2008"]
[PlyCount "67"]
[EventDate "2025.03.18"]
[EventType "swiss (blitz)"]
[EventRounds "11"]
[EventCountry "USA"]
[SourceTitle "CB13_2025"]
[SourceDate "2025.03.26"]
[SourceVersion "1"]
[SourceVersionDate "2025.03.26"]
[SourceQuality "1"]

1. e4 e6 2. d4 d5 3. Nc3 Nf6 4. exd5 exd5 5. Bd3 c5 6. dxc5 Bxc5 7. Nf3 0-0 8. 0-0 Nc6 9. Bg5 Be6 10. Ne2 h6 11. Bh4 g5 12. Bg3 Ne4 13. Bxe4 dxe4 14. Ne5 f5 15. Nxc6 bxc6 16. Be5 Bc4 17. Re1 Qe7 18. Bd4 Rad8 19. c3 Bb6 20. Qa4 Bb5 21. Qb3+ Kh7 22. Bxb6 axb6 23. Nd4 Rd5 24. a4 Bd3 25. Qxb6 c5 26. Nc6 Qf6 27. a5 f4 28. Ne7 Qxe7 29. a6 f3 30. a7 g4 31. a8Q fxg2 32. Qxd5 Qf6 33. Qxf6 Rxf6 34. Ra7+ 1-0

[Event "Titled Tuesday intern op 18th Mar Late"]
[Site "Chess.com INT"]
[Date "2025.03.18"]
[Round "10"]
[White "Guimaraes, Diogo Duarte"]
[Black "Garrido Diaz, Jose Antonio"]
[Result "1-0"]
[WhiteElo "2285"]
[BlackElo "2290"]
[PlyCount "83"]
[EventDate "2025.03.18"]
[EventType "swiss (blitz)"]
[EventRounds "11"]
[EventCountry "USA"]
[SourceTitle "CB13_2025"]
[SourceDate "2025.03.26"]
[SourceVersion "1"]
[SourceVersionDate "2025.03.26"]
[SourceQuality "1"]

1. e4 c5 2. Nf3 d6 3. d4 cxd4 4. Nxd4 Nf6 5. Nc3 g6 6. Be3 Nc6 7. f3 h5 8. h3 h4 9. Qd2 Nxd4 10. Qxd4 Bg7 11. Bc4 Qa5 12. Bb3 Nh5 13. Qa4+ Qxa4 14. Bxa4+ Bd7 15. Bxd7+ Kxd7 16. Ne2 a6 17. a4 b5 18. axb5 axb5 19. Kd2 Bxb2 20. Rab1 Ra2 21. Rxb2 Rxb2 22. Bd4 Ra2 23. Bxh8 f6 24. Rb1 Ra8 25. Bxf6 exf6 26. Rxb5 Ra1 27. Ke3 Ng3 28. Nd4 Rg1 29. Rb7+ Ke8 30. Rh7 Rxg2 31. Rxh4 Nf1+ 32. Kd3 Rd2+ 33. Kc3 Rf2 34. Rh8+ Kf7 35. Rh7+ Kg8 36. Rd7 Nh2 37. Rxd6 Kf7 38. Rd7+ Ke8 39. Rg7 g5 40. Kc4 Nxf3 41. Nf5 Rxc2+ 42. Kd5 1-0

[Event "Titled Tuesday intern op 26th Nov Late"]
[Site "Chess.com INT"]
[Date "2024.11.26"]
[Round "2"]
[White "Gorovets, Andrey"]
[Black "Garrido Diaz, Jose Antonio"]
[Result "1-0"]
[WhiteElo "2481"]
[BlackElo "2260"]
[PlyCount "63"]
[EventDate "2024.11.26"]
[EventType "swiss (blitz)"]
[EventRounds "11"]
[EventCountry "USA"]
[SourceTitle "CB49_2024"]
[SourceDate "2024.12.04"]
[SourceVersion "1"]
[SourceVersionDate "2024.12.04"]
[SourceQuality "1"]

1. Nf3 Nf6 2. c4 e6 3. g3 d5 4. Bg2 Be7 5. d4 0-0 6. Nc3 c6 7. 0-0 a5 8. Qd3 dxc4 9. Qxc4 b5 10. Qd3 b4 11. Ne4 Ba6 12. Nxf6+ Bxf6 13. Qc2 Nd7 14. Rd1 Rc8 15. e4 c5 16. d5 exd5 17. exd5 Ne5 18. d6 Qb6 19. Bf4 Nc6 20. d7 Rcd8 21. Bh3 Nd4 22. Nxd4 Bxd4 23. Rac1 Bb7 24. Rxd4 cxd4 25. Qc7 Qb5 26. Qd6 Qd5 27. Qxd5 Bxd5 28. Bc7 Be6 29. Bxe6 fxe6 30. Bxd8 Rf7 31. Rc7 d3 32. Bg5 1-0

[Event "Titled Tuesday intern op 10th Sep Early"]
[Site "Chess,com INT"]
[Date "2024.09.10"]
[Round "5"]
[White "Garrido Diaz, Jose Antonio"]
[Black "Bardyk, Artem"]
[Result "0-1"]
[WhiteElo "2260"]
[BlackElo "2278"]
[PlyCount "94"]
[EventDate "2024.09.10"]
[EventType "swiss (blitz)"]
[EventRounds "11"]
[EventCountry "USA"]
[SourceTitle "EXT 2025"]
[Source "ChessBase"]
[SourceDate "2024.10.14"]
[SourceVersion "1"]
[SourceVersionDate "2024.10.14"]
[SourceQuality "1"]

1. e4 e5 2. Nf3 Nc6 3. Nc3 h6 4. d4 exd4 5. Nxd4 d6 6. Bc4 Nf6 7. f3 Be7 8. Be3 0-0 9. Qd2 Nxd4 10. Qxd4 Be6 11. 0-0-0 Qc8 12. g4 Nd7 13. f4 Bf6 14. Qd3 Bxc4 15. Qxc4 Bxc3 16. Qxc3 Nf6 17. Qd4 Qe6 18. e5 dxe5 19. fxe5 Nxg4 20. Rhg1 Nxe3 21. Qxe3 Rfd8 22. b3 a5 23. Rdf1 Re8 24. Qf4 a4 25. Kb1 axb3 26. cxb3 Ra5 27. Qf6 Qxf6 28. exf6 g6 29. Re1 Rae5 30. Rxe5 Rxe5 31. Rd1 g5 32. Rd8+ Kh7 33. Rd7 Kg6 34. Rxc7 b5 35. Rc6 Re2 36. b4 Rxh2 37. Rb6 g4 38. Rxb5 g3 39. Rb8 Kh7 40. Rf8 g2 41. Rxf7+ Kh8 42. Rf8+ Kh7 43. Rf7+ Kg6 44. Rg7+ Kxf6 45. Rg8 Rh1+ 46. Kb2 g1Q 47. Rxg1 Rxg1 0-1

[Event "Titled Tuesday intern op 10th Sep Early"]
[Site "Chess,com INT"]
[Date "2024.09.10"]
[Round "7"]
[White "Garrido Diaz, Jose Antonio"]
[Black "Shuvalova, Polina"]
[Result "0-1"]
[WhiteElo "2260"]
[BlackElo "2472"]
[PlyCount "74"]
[EventDate "2024.09.10"]
[EventType "swiss (blitz)"]
[EventRounds "11"]
[EventCountry "USA"]
[SourceTitle "EXT 2025"]
[Source "ChessBase"]
[SourceDate "2024.10.14"]
[SourceVersion "1"]
[SourceVersionDate "2024.10.14"]
[SourceQuality "1"]

1. e4 c6 2. d4 d5 3. exd5 cxd5 4. Bd3 Nc6 5. c3 Nf6 6. Bf4 Bg4 7. Qb3 Qd7 8. Nd2 e6 9. Ngf3 Bd6 10. Bxd6 Qxd6 11. 0-0 0-0 12. Rfe1 Bxf3 13. Nxf3 Nd7 14. Re3 a6 15. a4 Rab8 16. Qc2 g6 17. Qe2 Rfe8 18. Ne5 Ndxe5 19. dxe5 Qc7 20. h4 h5 21. Re1 Kg7 22. Rg3 Rh8 23. Qf3 Qe7 24. Qf4 b5 25. axb5 axb5 26. Ree3 b4 27. Rg5 bxc3 28. bxc3 Rh6 29. g4 hxg4 30. Qxg4 Rbh8 31. Rg3 Kf8 32. Qf3 Ke8 33. c4 Rxh4 34. cxd5 Nd4 35. Qg2 Qb4 36. dxe6 Qe1+ 37. Bf1 Ne2# 0-1

[Event "Titled Tuesday intern op 10th Sep Early"]
[Site "Chess,com INT"]
[Date "2024.09.10"]
[Round "8"]
[White "La Villa Rivas, Marlon Javier"]
[Black "Garrido Diaz, Jose Antonio"]
[Result "0-1"]
[WhiteElo "2246"]
[BlackElo "2260"]
[PlyCount "134"]
[EventDate "2024.09.10"]
[EventType "swiss (blitz)"]
[EventRounds "11"]
[EventCountry "USA"]
[SourceTitle "EXT 2025"]
[Source "ChessBase"]
[SourceDate "2024.10.14"]
[SourceVersion "1"]
[SourceVersionDate "2024.10.14"]
[SourceQuality "1"]

1. e4 c5 2. Nf3 d6 3. d4 cxd4 4. Nxd4 Nf6 5. Nc3 g6 6. Be3 Nc6 7. f3 h5 8. Qd2 Nxd4 9. Bxd4 Bh6 10. Be3 Bxe3 11. Qxe3 Be6 12. 0-0-0 Qa5 13. Kb1 0-0 14. f4 Rfc8 15. e5 Rxc3 16. bxc3 Ng4 17. Qd4 Qxa2+ 18. Kc1 dxe5 19. fxe5 Qa1+ 20. Kd2 Qa5 21. Bd3 Rd8 22. Qf4 Nxe5 23. Rhe1 Nc4+ 24. Ke2 Qxc3 25. Kf1 Nb2 26. Rb1 Nxd3 27. cxd3 Qxd3+ 28. Kg1 Qd5 29. Red1 Qc5+ 30. Kh1 Rxd1+ 31. Rxd1 b5 32. h3 Kg7 33. Rd8 a5 34. Qb8 a4 35. Rg8+ Kf6 36. Qf4+ Qf5 37. Qd4+ Qe5 38. Qf2+ Bf5 39. Ra8 Qd5 40. Qb2+ e5 41. Ra6+ Kg7 42. Rb6 Bd3 43. Qb4 Bc4 44. Rd6 Qe4 45. Qc3 Qf5 46. Rc6 Qf1+ 47. Kh2 Qf4+ 48. Kh1 Qf1+ 49. Kh2 Qf4+ 50. Kh1 Qd4 51. Qf3 Bb3 52. Rc7 Qd1+ 53. Qxd1 Bxd1 54. Rc5 Be2 55. Rxe5 Bc4 56. Kg1 a3 57. Re3 a2 58. Ra3 b4 59. Ra4 b3 60. Rxc4 a1Q+ 61. Kh2 b2 62. Rc7 b1Q 63. Rxf7+ Kxf7 64. Kg3 Qe5+ 65. Kh4 Qbe4+ 66. g4 hxg4 67. hxg4 Qh1# 0-1

[Event "Titled Tuesday intern op 10th Sep Early"]
[Site "Chess,com INT"]
[Date "2024.09.10"]
[Round "10"]
[White "Mesquita, Eduardo Barbosa"]
[Black "Garrido Diaz, Jose Antonio"]
[Result "1-0"]
[WhiteElo "1999"]
[BlackElo "2260"]
[PlyCount "117"]
[EventDate "2024.09.10"]
[EventType "swiss (blitz)"]
[EventRounds "11"]
[EventCountry "USA"]
[SourceTitle "EXT 2025"]
[Source "ChessBase"]
[SourceDate "2024.10.14"]
[SourceVersion "1"]
[SourceVersionDate "2024.10.14"]
[SourceQuality "1"]

1. e4 c5 2. Nf3 d6 3. d4 cxd4 4. Nxd4 Nf6 5. Nc3 g6 6. f3 Nc6 7. Be3 h5 8. Qd2 Nxd4 9. Bxd4 Bh6 10. Qf2 0-0 11. Bxa7 d5 12. e5 Nd7 13. Be3 Bg7 14. f4 f6 15. e6 Nb8 16. f5 gxf5 17. Qxf5 Qd6 18. Bd3 Rd8 19. Qh7+ Kf8 20. 0-0 Qxe6 21. Bh6 Qg8 22. Bxg7+ Qxg7 23. Qxh5 Nc6 24. Bf5 e6 25. Bh3 Ke7 26. Rfe1 Ra5 27. Qd1 d4 28. Ne4 Re5 29. Qc1 Rh8 30. Kh1 Reh5 31. Nf2 e5 32. Qf4 Bxh3 33. Nxh3 Kd6 34. Qf3 Rh4 35. Qg3 Rg4 36. Qf3 Rhh4 37. Re2 Nb4 38. Rg1 Nd5 39. c4 Ne3 40. g3 Rxh3 41. Rxe3 dxe3 42. Qd5+ Ke7 43. Qxb7+ Kf8 44. Qc8+ Kf7 45. Rd1 Rd4 46. Rxd4 exd4 47. Qxh3 Qg5 48. Qd7+ Kg6 49. Qxd4 Kh6 50. Qe4 f5 51. Qe6+ Kg7 52. Kg2 Kh7 53. Qd7+ Kg6 54. Qe6+ Kg7 55. h4 Qg4 56. Qxe3 Qxc4 57. Qc3+ Qxc3 58. bxc3 Kf6 59. Kf3 1-0

[Event "Titled Tuesday intern op 10th Sep Early"]
[Site "Chess,com INT"]
[Date "2024.09.10"]
[Round "6"]
[White "Novak, Ratko"]
[Black "Garrido Diaz, Jose Antonio"]
[Result "0-1"]
[WhiteElo "2034"]
[BlackElo "2260"]
[PlyCount "102"]
[EventDate "2024.09.10"]
[EventType "swiss (blitz)"]
[EventRounds "11"]
[EventCountry "USA"]
[SourceTitle "EXT 2025"]
[Source "ChessBase"]
[SourceDate "2024.10.14"]
[SourceVersion "1"]
[SourceVersionDate "2024.10.14"]
[SourceQuality "1"]

1. d4 d6 2. f4 Nf6 3. c4 c6 4. Nc3 d5 5. e3 Bf5 6. Nf3 e6 7. Bd3 Bb4 8. Bxf5 exf5 9. 0-0 0-0 10. cxd5 cxd5 11. Qd3 Ne4 12. Ne2 Nc6 13. a3 Be7 14. b4 Qd7 15. b5 Na5 16. Ne5 Qe6 17. Rb1 Rac8 18. b6 axb6 19. Qb5 Nc4 20. Nxc4 dxc4 21. Qxb6 Qxb6 22. Rxb6 Rc7 23. Rb5 g6 24. h3 Ra8 25. g4 fxg4 26. hxg4 Bxa3 27. Re5 Nf6 28. g5 Ng4 29. Kg2 Nxe5 30. fxe5 c3 31. Kf3 c2 32. d5 Bxc1 33. Rxc1 Ra2 34. Nd4 Rc5 35. Ke4 Kf8 36. e6 Ke7 37. exf7 Kxf7 38. Ke5 Ke7 39. e4 Rb2 40. Kf4 Rb4 41. Ke3 Rc3+ 42. Kd2 Rg3 43. Nxc2 Rxe4 44. Rh1 b5 45. Rxh7+ Kd6 46. Rb7 Rxg5 47. Rxb5 Rxd5+ 48. Rxd5+ Kxd5 49. Kd3 Ra4 50. Ne3+ Ke5 51. Nc4+ Kf4 0-1

[Event "Titled Tuesday intern op 10th Sep Early"]
[Site "Chess,com INT"]
[Date "2024.09.10"]
[Round "2"]
[White "Yazici, Ugur Doga"]
[Black "Garrido Diaz, Jose Antonio"]
[Result "0-1"]
[WhiteElo "2161"]
[BlackElo "2260"]
[PlyCount "68"]
[EventDate "2024.09.10"]
[EventType "swiss (blitz)"]
[EventRounds "11"]
[EventCountry "USA"]
[SourceTitle "EXT 2025"]
[Source "ChessBase"]
[SourceDate "2024.10.14"]
[SourceVersion "1"]
[SourceVersionDate "2024.10.14"]
[SourceQuality "1"]

1. Nh3 Nf6 2. g3 d5 3. f4 c5 4. Bg2 Nc6 5. Nf2 e5 6. d3 Bd6 7. fxe5 Nxe5 8. Nc3 0-0 9. Bg5 d4 10. Nd5 Nxd5 11. Bxd8 Ne3 12. Qd2 Nxg2+ 13. Kf1 Ne3+ 14. Kg1 Rxd8 15. h3 b6 16. Nd1 Re8 17. Nxe3 dxe3 18. Qc3 Nc6 19. Kh2 Nd4 20. Rae1 Be5 21. Qc4 Bb7 22. Rhf1 Re7 23. c3 b5 24. Qxc5 Nc6 25. Qxb5 Rae8 26. d4 Bc7 27. Qg5 Re6 28. Rg1 Rg6 29. Qb5 Bc8 30. Ref1 Rh6 31. h4 Rxh4+ 32. Kg2 Bh3+ 33. Kf3 Rh6 34. g4 Rf6+ 0-1

[Event "Titled Tuesday intern op 03rd Sep Early"]
[Site "Chess.com INT"]
[Date "2024.09.03"]
[Round "2"]
[White "Santos Latasa, Jaime"]
[Black "Garrido Diaz, Jose Antonio"]
[Result "1-0"]
[WhiteElo "2624"]
[BlackElo "2260"]
[PlyCount "99"]
[EventDate "2024.09.03"]
[EventType "swiss (blitz)"]
[EventRounds "11"]
[EventCountry "USA"]
[SourceTitle "EXT 2025"]
[Source "ChessBase"]
[SourceDate "2024.10.14"]
[SourceVersion "1"]
[SourceVersionDate "2024.10.14"]
[SourceQuality "1"]

1. Nf3 Nf6 2. c4 d5 3. cxd5 Nxd5 4. e4 Nf6 5. Nc3 c5 6. d4 Bg4 7. d5 e6 8. Qa4+ Nbd7 9. dxe6 Bxe6 10. Ng5 Bd6 11. Nxe6 fxe6 12. Qb3 Qe7 13. Qxb7 0-0 14. Be2 Be5 15. Qa6 Bxc3+ 16. bxc3 Nxe4 17. 0-0 Nxc3 18. Bg4 Nb6 19. Bd2 Ncd5 20. a4 Nf6 21. Bh3 Rfe8 22. Rfe1 e5 23. Bc3 e4 24. Rad1 Nbd5 25. Ba1 Nb4 26. Qc4+ Kh8 27. Bf5 Rad8 28. Rxd8 Rxd8 29. g3 Re8 30. Re2 Qd6 31. Bxf6 gxf6 32. Rxe4 Rxe4 33. Bxe4 Kg7 34. Qb5 Qc7 35. Qe2 a5 36. Qg4+ Kf7 37. Qh5+ Ke6 38. Qf5+ Ke7 39. Qxh7+ Kd6 40. Qf5 Qe7 41. f3 Qe5 42. Qxe5+ Kxe5 43. Kf2 c4 44. Ke3 Na2 45. f4+ Kd6 46. Kd4 c3 47. Bc2 Nb4 48. Kxc3 Nd5+ 49. Kd4 Nb4 50. Be4 1-0

[Event "Titled Tuesday intern op 27th Aug Early"]
[Site "Chess.com INT"]
[Date "2024.08.27"]
[Round "3"]
[White "Garrido Diaz, Jose Antonio"]
[Black "Seo, Jung Min"]
[Result "1/2-1/2"]
[WhiteElo "2260"]
[BlackElo "2478"]
[PlyCount "250"]
[EventDate "2024.08.27"]
[EventType "swiss (blitz)"]
[EventRounds "11"]
[EventCountry "USA"]
[SourceTitle "EXT 2025"]
[Source "ChessBase"]
[SourceDate "2024.10.14"]
[SourceVersion "1"]
[SourceVersionDate "2024.10.14"]
[SourceQuality "1"]

1. e4 e6 2. d4 d5 3. exd5 Qxd5 4. Nf3 Nf6 5. c4 Qd8 6. Nc3 Be7 7. Be2 b6 8. 0-0 Bb7 9. Be3 0-0 10. Qc2 Nbd7 11. Rfd1 Ng4 12. Bf4 Bd6 13. Qd2 a6 14. h3 Ngf6 15. Ne5 Ne4 16. Nxe4 Bxe4 17. Qe3 Bb7 18. Qg3 Kh8 19. h4 Nf6 20. h5 h6 21. Qe3 Ng8 22. Bd3 Qh4 23. Be2 Rad8 24. Bg3 Qe4 25. Bf3 Qxe3 26. fxe3 Bxf3 27. gxf3 Nf6 28. Bh4 Kh7 29. Kf2 c5 30. Bxf6 gxf6 31. Nc6 Rc8 32. d5 exd5 33. cxd5 Rg8 34. Rg1 Rg5 35. Rxg5 hxg5 36. e4 Kh6 37. Rh1 Re8 38. b3 b5 39. Ke3 f5 40. Kd3 g4 41. exf5 g3 42. f6 g2 43. Rg1 Rg8 44. Ne7 Rg5 45. Rxg2 Rxg2 46. Nf5+ Kxh5 47. Nxd6 Kg6 48. Ne4 Rxa2 49. d6 Rh2 50. Nxc5 Rh8 51. Ne4 Kf5 52. Kd4 a5 53. Kc5 a4 54. bxa4 bxa4 55. Kb4 Ke6 56. Kxa4 Rh1 57. Kb5 Kd7 58. Kc5 Rf1 59. Ng5 Rc1+ 60. Kd5 Rd1+ 61. Ke5 Re1+ 62. Ne4 Re2 63. f4 Re1 64. Kf5 Kc6 65. Ng5 Kxd6 66. Nxf7+ Kd7 67. Ne5+ Ke8 68. f7+ Ke7 69. Kg6 Rg1+ 70. Kf5 Rg2 71. Ke4 Ra2 72. Kf5 Ra6 73. Kg5 Rb6 74. f5 Ra6 75. Ng6+ Kxf7 76. Ne5+ Kg7 77. Ng6 Ra1 78. Ne5 Rg1+ 79. Ng4 Kf7 80. Kf4 Ra1 81. Ne5+ Kf8 82. Kg5 Rf1 83. Ng6+ Kg7 84. Ne5 Rg1+ 85. Ng4 Rg2 86. Kf4 Ra2 87. Kg5 Ra5 88. Kf4 Ra4+ 89. Kg5 Kf8 90. Ne5 Ra1 91. Ng4 Rg1 92. Kf4 Kf7 93. Kg5 Ra1 94. Kf4 Ra2 95. Kg5 Ra4 96. Ne5+ Ke7 97. Ng4 Rb4 98. Ne5 Rb1 99. Ng4 Rg1 100. Kf4 Kd6 101. Kg5 Kd5 102. Kf4 Rf1+ 103. Kg5 Kd6 104. Ne3 Rf3 105. Ng4 Ke7 106. Kg6 Rf4 107. Kg5 Rf1 108. Kg6 Kf8 109. Kg5 Kf7 110. Ne5+ Kg7 111. Ng4 Re1 112. Nh2 Re3 113. Ng4 Ra3 114. Kf4 Kf7 115. Kg5 Kf8 116. Kf4 Ra5 117. Kg5 Ra4 118. Ne5 Ke7 119. Ng4 Kf7 120. Nh6+ Kf8 121. Ng4 Ra1 122. Ne5 Ra6 123. Ng4 Rb6 124. Ne5 Rb1 125. Ng4 Kf7 1/2-1/2

[Event "Titled Tuesday intern op 27th Aug Late"]
[Site "Chess.com INT"]
[Date "2024.08.27"]
[Round "5"]
[White "Rey Martinez, Jaime"]
[Black "Garrido Diaz, Jose Antonio"]
[Result "1-0"]
[WhiteElo "2266"]
[BlackElo "2260"]
[PlyCount "43"]
[EventDate "2024.08.27"]
[EventType "swiss (blitz)"]
[EventRounds "11"]
[EventCountry "USA"]
[SourceTitle "EXT 2025"]
[Source "ChessBase"]
[SourceDate "2024.10.14"]
[SourceVersion "1"]
[SourceVersionDate "2024.10.14"]
[SourceQuality "1"]

1. e4 c5 2. Nf3 d6 3. g3 Nc6 4. Bg2 g6 5. 0-0 Bg7 6. c3 Nf6 7. d4 cxd4 8. cxd4 Rg8 9. Nc3 Bg4 10. Be3 Rc8 11. Qb3 b6 12. e5 Nd7 13. Ng5 e6 14. Bxc6 Rxc6 15. d5 exd5 16. Qxd5 Nxe5 17. Nxf7 Qd7 18. Nxe5 dxe5 19. Qxg8+ Bf8 20. Bh6 Rf6 21. Rae1 Rf5 22. Bxf8 1-0

[Event "Titled Tuesday intern op 30th Jul Late"]
[Site "Chess.com INT"]
[Date "2024.07.30"]
[Round "3"]
[White "Garrido Diaz, Jose Antonio"]
[Black "Shapiro, Daniel E"]
[Result "1-0"]
[WhiteElo "2260"]
[BlackElo "2284"]
[PlyCount "61"]
[EventDate "2024.07.30"]
[EventType "swiss (blitz)"]
[EventRounds "11"]
[EventCountry "USA"]
[SourceTitle "EXT 2025"]
[Source "ChessBase"]
[SourceDate "2024.10.14"]
[SourceVersion "1"]
[SourceVersionDate "2024.10.14"]
[SourceQuality "1"]

1. e4 c5 2. Nf3 Nc6 3. g3 d6 4. Bg2 g6 5. 0-0 Bg7 6. c3 e5 7. d3 Nge7 8. Nbd2 0-0 9. a4 h6 10. Nc4 Be6 11. Bd2 f5 12. Qe2 Qd7 13. b4 cxb4 14. cxb4 fxe4 15. dxe4 Bg4 16. Qd3 Rf7 17. b5 Nd4 18. Nxd4 exd4 19. Bf4 d5 20. Ne5 Bxe5 21. Bxe5 dxe4 22. Bxe4 Bf5 23. Rad1 Rd8 24. Bxd4 Bxe4 25. Qxe4 Nf5 26. Bc3 Qxd1 27. Rxd1 Rxd1+ 28. Kg2 Rd8 29. Qe5 Kh7 30. h4 Re7 31. Qf6 1-0

[Event "Titled Tuesday intern op 16th Jul Early"]
[Site "Chess.com INT"]
[Date "2024.07.16"]
[Round "7"]
[White "Garrido Diaz, Jose Antonio"]
[Black "Lymar, Vladislav"]
[Result "1-0"]
[WhiteElo "2260"]
[BlackElo "2184"]
[PlyCount "57"]
[EventDate "2024.07.16"]
[EventType "swiss (blitz)"]
[EventRounds "11"]
[EventCountry "USA"]
[SourceTitle "EXT 2025"]
[Source "ChessBase"]
[SourceDate "2024.10.14"]
[SourceVersion "1"]
[SourceVersionDate "2024.10.14"]
[SourceQuality "1"]

1. e4 c5 2. Nf3 a6 3. g3 Nc6 4. Bg2 Nf6 5. 0-0 g6 6. e5 Ng4 7. Re1 Bg7 8. d4 cxd4 9. Bf4 Qa5 10. Nbd2 0-0 11. Nb3 Qb6 12. Qd2 d6 13. exd6 e5 14. Bg5 f6 15. h3 Nxf2 16. Qxf2 fxg5 17. Qd2 g4 18. hxg4 Bxg4 19. Ng5 h6 20. Bd5+ Kh8 21. Nf7+ Kh7 22. Rf1 Nb4 23. Be4 d3+ 24. Kg2 Nxc2 25. Bxg6+ Kg8 26. Qxd3 Ne3+ 27. Kh1 e4 28. Qxe4 Qc6 29. Bh7# 1-0

[Event "Titled Tuesday intern op 16th Jul Early"]
[Site "Chess.com INT"]
[Date "2024.07.16"]
[Round "10"]
[White "Garrido Diaz, Jose Antonio"]
[Black "Mamedov, Edgar"]
[Result "0-1"]
[WhiteElo "2260"]
[BlackElo "2434"]
[PlyCount "64"]
[EventDate "2024.07.16"]
[EventType "swiss (blitz)"]
[EventRounds "11"]
[EventCountry "USA"]
[SourceTitle "EXT 2025"]
[Source "ChessBase"]
[SourceDate "2024.10.14"]
[SourceVersion "1"]
[SourceVersionDate "2024.10.14"]
[SourceQuality "1"]

1. e4 c6 2. d4 d5 3. exd5 cxd5 4. Bd3 Nc6 5. c3 Nf6 6. Bf4 Bg4 7. Qb3 Qd7 8. Nd2 e6 9. Ngf3 Bxf3 10. Nxf3 Bd6 11. Bxd6 Qxd6 12. 0-0 Qc7 13. Rfe1 0-0 14. Ne5 Nxe5 15. dxe5 Nd7 16. Qd1 g6 17. Qe2 Rab8 18. a4 Rfd8 19. Rad1 Nc5 20. Bc2 a6 21. Rd4 b5 22. axb5 Rxb5 23. b4 Nd7 24. Bd3 Rb6 25. Qe3 Qxc3 26. Rh4 Rxb4 27. Rxh7 Nxe5 28. Qh6 Qxe1+ 29. Bf1 Qxf2+ 30. Kxf2 Ng4+ 31. Kg3 Nxh6 32. Rxh6 Kg7 0-1

[Event "Titled Tuesday intern op 16th Jul Late"]
[Site "Chess.com INT"]
[Date "2024.07.16"]
[Round "7"]
[White "Garrido Diaz, Jose Antonio"]
[Black "Shearsby, Jude"]
[Result "0-1"]
[WhiteElo "2260"]
[BlackElo "2130"]
[PlyCount "72"]
[EventDate "2024.07.16"]
[EventType "swiss (blitz)"]
[EventRounds "11"]
[EventCountry "USA"]
[SourceTitle "EXT 2025"]
[Source "ChessBase"]
[SourceDate "2024.10.14"]
[SourceVersion "1"]
[SourceVersionDate "2024.10.14"]
[SourceQuality "1"]

1. e4 Nc6 2. Nf3 d6 3. d4 Nf6 4. Nc3 g6 5. g3 Bg7 6. Bg2 0-0 7. 0-0 e5 8. h3 Re8 9. Re1 exd4 10. Nxd4 Nxd4 11. Qxd4 Nxe4 12. Qd3 Nxc3 13. Rxe8+ Qxe8 14. bxc3 Qe1+ 15. Kh2 Qxc3 16. Qxc3 Bxc3 17. Rb1 c6 18. Ba3 d5 19. Rb3 Bf6 20. Bd6 Kg7 21. a4 Bf5 22. Rxb7 Bxc2 23. a5 Bd3 24. Bc5 Bc3 25. Rb3 d4 26. Bxd4+ Bxd4 27. Rxd3 Bxf2 28. Bxc6 Rc8 29. Bd5 Rc2 30. a6 Bb6+ 31. Kh1 f5 32. Bb3 Rb2 33. Rd7+ Kh6 34. Bg8 Rb1+ 35. Kg2 Rb2+ 36. Kf3 Rf2# 0-1

[Event "Titled Tuesday intern op 16th Jul Late"]
[Site "Chess.com INT"]
[Date "2024.07.16"]
[Round "6"]
[White "Karttunen, Mika"]
[Black "Garrido Diaz, Jose Antonio"]
[Result "1-0"]
[WhiteElo "2479"]
[BlackElo "2260"]
[PlyCount "113"]
[EventDate "2024.07.16"]
[EventType "swiss (blitz)"]
[EventRounds "11"]
[EventCountry "USA"]
[SourceTitle "EXT 2025"]
[Source "ChessBase"]
[SourceDate "2024.10.14"]
[SourceVersion "1"]
[SourceVersionDate "2024.10.14"]
[SourceQuality "1"]

1. e4 c5 2. Nf3 d6 3. d4 cxd4 4. Nxd4 Nf6 5. Nc3 g6 6. Be3 Nc6 7. f3 h5 8. Qd2 Nxd4 9. Bxd4 Bh6 10. Qf2 0-0 11. Bc4 Be6 12. Bb3 Bxb3 13. axb3 e5 14. Bxa7 d5 15. exd5 e4 16. 0-0 Nxd5 17. Nxd5 Qxd5 18. fxe4 Qxe4 19. Bd4 Rxa1 20. Rxa1 Rd8 21. Bb6 Rd2 22. Re1 Rxf2 23. Rxe4 Rxc2 24. Bd4 Bg7 25. Bxg7 Kxg7 26. Rb4 Rxb2 27. Rxb7 h4 28. h3 g5 29. b4 Kg6 30. b5 Rb1+ 31. Kf2 Rb2+ 32. Kf3 Rb3+ 33. Ke4 Rb2 34. Kf3 Rb3+ 35. Kf2 Rb2+ 36. Kg1 Rb1+ 37. Kh2 f6 38. Rb8 Rb2 39. b6 Kg7 40. Kg1 Rb1+ 41. Kf2 Rb2+ 42. Kf3 Rb3+ 43. Ke4 Rb2 44. Kd5 Rxg2 45. Rc8 Rb2 46. Kc6 Kg6 47. b7 f5 48. b8Q Rxb8 49. Rxb8 g4 50. Kd5 gxh3 51. Ke5 h2 52. Rb1 h3 53. Kf4 Kh5 54. Kf3 Kh4 55. Rh1 Kg5 56. Rxh2 Kh4 57. Rh1 1-0